Russia: history, people, politics

Tallennettuna:
Bibliografiset tiedot
Päätekijä: Pares, Bernard (Tekijä)
Aineistotyyppi: Kirja
Kieli:englanti
Julkaistu: Nueva York The New American Library 1949
Sarja:A Mentor Books, 398
Aiheet:
Tagit: Lisää tagi
Ei tageja, Lisää ensimmäinen tagi!

MARC

LEADER 00000nam a2200000 a 4500
001 UCO1679
003 CL-VaPUC
008 000519e19490000US |||||||||||||||||eng|d
082 0 4 |a 947  |b PAR  |2 21 
100 0 |a Pares, Bernard  |e author  |9 444105 
245 1 0 |a Russia: history, people, politics 
300 |a 240 p 
942 |c BK 
945 |d 20000519 00:00:00  |a rherrera 
260 |a Nueva York  |b The New American Library  |c 1949 
600 0 |a Lenin, Vladimir Ilich  |d 1870-1924  |9 319799 
600 0 7 |a TROTSKY, LEON  |2 CL-VaPUC  |9 444106 
600 0 7 |a STALIN, JOSEPH  |2 CL-VaPUC  |9 313919 
650 0 |a Historia de Rusia  |9 343091 
650 0 |a Revolución rusa  |9 343225 
650 7 |a BOLCHEVIQUES  |2 CL-VaPUC  |9 444107 
650 0 |a Comunismo  |9 255588 
650 7 |a GUERRA RUSO-JAPONESA  |2 CL-VaPUC  |9 438216 
651 0 |a Rusia   |9 256106 
583 |a last modification  |c 20000519 00:00:00  |k Rodrigo Vera 
490 0 |a A Mentor Books, 398 
999 |c 288283  |d 288281 
952 |0 0  |1 0  |4 0  |6 947_000000000000000_PAR_1949  |7 0  |8 X  |9 335865  |a BIBHIS  |b BIBHIS  |d 2019-11-20  |i 1282425  |o 947 PAR 1949  |p 1282425  |r 2024-01-30  |w 2019-11-20  |y BK_X  |k HIS